00987nam a2200265 a 450000100060000000300080000600500170001400800410003103500190007203500140009104000270010504100080013208200260014024500260016625000150019226000630020730000300027050001250030065000370042565000400046271000500050294200120055299900170056495201400058119159BD-RjUL20211209000407.0140223s1966 ii g 000 0 eng d a(BD-RjUL)19217 a(BD-RjUL) aANLbengcANLdBD-RjUL aeng04a780.954219bMUC 196600aMusic east and west / aIndian ed. aNew Delhi :bIndian Council for Cultural Relations,c1966. a217 p. :bmusic ;c25 cm. aPapers presented at Conference on the Music of East and West held in Delhi, 8th-12th Feb., 1964, edited by Roger Ashton. 0aMusiczIndiaxCongresses.958962 0aEthnomusicologyxCongresses.9589632 aIndian Council for Cultural Relations.958964 2ddccBK c19159d19159 00102ddc40718NFICaRUCLbRUCLcReadingd1974-06-19eIndia Govt. Giftl0o780.954 MUC 1966r2014-02-23 00:00:00tC-1w2014-02-23yBK